Estadísticas para ¿Puedes Nombrar los 10 Países con más Islas?

Haz click aquí para intentar la prueba.

Estadísticas generales

  • Esta prueba ha sido intentada 131 veces
    (128 desde el último reinicio)
  • La puntuación promedio es 9 de 11

Estadísticas de respuestas

HintRespuesta% Correcto
17,504 islasIndonesia
93%
52,455 islasCanadá
90%
18,617 islasEstados Unidos
89%
6,852 islasJapón
86%
239,057 islasNoruega
83%
8,222 islasAustralia
79%
267,570 islasSuecia
77%
7,641 islasFilipinas
76%
El país está empatado con el número 10.China
74%
178,947 islasFinlandia
74%
5,000 islasChile
63%

Distribución de puntuación

Porcentaje por número respondido

Porcentaje de gente con cada puntuación

Historial de tus puntuaciones

No has intentado esta prueba desde el último reinicio